Foraging ecology of the long-nosed bat, Glossophaga soricina, with respect to resource availability (Registro nro. 10460)

Detalles MARC
000 -CABECERA
Campo de control 006760000a22002050004500
090 ## - CLASIFICACIÓN LOCAL
Colección AR
Consecutivo 01375
041 0# - IDIOMA
Código de idioma para texto/pista de sonido o título separado
100 1# - ASIENTO PRINCIPAL--NOMBRE PERSONAL
Nombre personal Lemke, Thomas O.
245 10 - MENCION DE TITULO
Título Foraging ecology of the long-nosed bat, Glossophaga soricina, with respect to resource availability
650 14 - ASIENTO SECUNDARIO DE MATERIA - TERMINO TEMATICO
Término temático o nombre geográfico como elemento de entrada Ecología de poblaciones
650 14 - ASIENTO SECUNDARIO DE MATERIA - TERMINO TEMATICO
Término temático o nombre geográfico como elemento de entrada Hábitos alimentarios
650 14 - ASIENTO SECUNDARIO DE MATERIA - TERMINO TEMATICO
Término temático o nombre geográfico como elemento de entrada Territorialidad
650 14 - ASIENTO SECUNDARIO DE MATERIA - TERMINO TEMATICO
Término temático o nombre geográfico como elemento de entrada Etología
650 14 - ASIENTO SECUNDARIO DE MATERIA - TERMINO TEMATICO
Término temático o nombre geográfico como elemento de entrada Murciélagos
651 #4 - ASIENTO SECUNDARIO DE MATERIA - NOMBRE GEOGRAFICO
-- Cartagena
-- Bolivar
-- Colombia
653 ## - TERMINO DE INDIZACION - NO CONTROLADO
-- Glossophaga
-- Glossophaga soricina
653 ## - TERMINO DE INDIZACION - NO CONTROLADO
-- Agave
-- Agave desmettiana
773 1# - Item fuente:
Título Ecology
Especificación de materiales 57
Descripción física 2
Paginas del Articulo 538-548
Lugar, editorial y fecha de publicación 1984
Información sobre la relación 65
942 ## - ELEMENTOS ADICIONALES (KOHA)
Tipo de ítem Artículo
Existencias
Withdrawn status Lost status Damaged status No para préstamo Colección Ubicación Permanente Ubicación actual Fecha de adquisición Fuente de Valor Datos de publicación Seriada Total Checkouts Número topográfico Inventario / Código de Barras Date last seen Ejemplar Price effective from Forma de adquisición Tipo de material
      No para Préstamo Hemeroteca Bogotá Bogotá 27/02/2015 Muñoz Saba, Yaneth Fuera de circulación   AR 01375 011725 25/03/2015 1 25/03/2015   Artículo